000 00892nam a22002057a 4500
005 20240530110932.0
008 220214s2008 ua a g 000 0 ara d
017 _bمصر. دار الكتب
040 _aEG-CaGPL
_cEG-CaGPL
082 0 4 _221
_a912.1\
_bف خ
100 0 _aفتحى عبدالعزيز ابوراضى
245 1 0 _aخرائط التوزيعات البشرية ورسومها البيانية :
_bدراسة تطبيقية لاساليب العرض الكارتوجرافى : قواعد الرسم ومشاكل التنفيذ /
_cفتحى عبدالعزيز ابوراضى
250 _aط. 1
260 _aالاسكندرية :
_bدار المعرفة الجامعية،
_c2008
300 _a368 ص. ؛
_c24 سم
650 0 7 _2qrmak
_aالجغرافيا البشرية
650 0 7 _aالسكان
942 _2ddc
_cBK
999 _c66670
_d66670